[Event "Championnat de France 2022"]
[Site "ALBI, France"]
[Date "2022.08.13"]
[Round "1.1"]
[White "Bustos Salinas, Thomas"]
[Black "Muller, Matthieu"]
[Result "1-0"]
[WhiteElo "1852"]
[BlackElo "2000"]
[PlyCount "80"]
[EventDate "2022.??.??"]

1. d4 {7} Nf6 {13} 2. c4 {11} c5 {14} 3. d5 {8} e6 {55} 4. Nc3 {26} exd5 {31}
5. cxd5 {8} d6 {21} 6. e4 {23} g6 {22} 7. f4 {37} Bg7 {21} 8. Bb5+ {33} Nfd7 {
87} 9. Be2 {168} a6 {180} 10. a4 {196} O-O {353} 11. Nf3 {235} Re8 {297} 12.
O-O {305} b6 {959} 13. Bd2 {1248} h6 {427} 14. Be1 {342} Nf6 {950} 15. Bh4 {303
} Bg4 {351} 16. Nd2 {1102} Bxe2 {291} 17. Qxe2 {29} Nbd7 {115} 18. Qf3 {226}
Qb8 {874} 19. Nc4 {221} Nh7 {184} 20. Bg3 {589} Ra7 {172} 21. Rfe1 {342} Rb7 {
96} 22. Re2 {104} b5 {29} 23. Na5 {29} Rc7 {34} 24. Nc6 {107} Qb6 {30} 25. e5 {
96} dxe5 {55} 26. fxe5 {7} Ng5 {17} 27. Qf1 {114} Rxc6 {88} 28. dxc6 {16} Qxc6
{8} 29. h4 {76} Ne6 {27} 30. axb5 {41} axb5 {12} 31. Rf2 {68} b4 {136} 32. Qb5
{48} Qxb5 {91} 33. Nxb5 {4} Bxe5 {67} 34. Bxe5 {39} Nxe5 {5} 35. Ra7 {17} Rd8 {
23} 36. Nc7 {82} Ng4 {148} 37. Nxe6 {9} fxe6 {69} 38. Rf1 {77} Ne3 {64} 39. Re1
{70} Rd1 {86} 40. Rxd1 {28} Nxd1 {6} 1-0

[Event "Championnat de France 2022"]
[Site "ALBI, France"]
[Date "2022.08.13"]
[Round "1.2"]
[White "Giry, Jean-Marc"]
[Black "De Carvalho Massabo, Raphael"]
[Result "0-1"]
[WhiteElo "1966"]
[BlackElo "1850"]
[PlyCount "62"]
[EventDate "2022.??.??"]

1. c4 {599} Nf6 {17} 2. g3 {7} e6 {20} 3. Bg2 {7} Be7 {102} 4. e4 {32} d6 {136}
5. Nc3 {21} c5 {116} 6. Nge2 {13} Nc6 {36} 7. O-O {9} O-O {126} 8. h3 {11} Rb8
{138} 9. f4 {56} a6 {129} 10. d4 cxd4 11. Nxd4 {55} Qb6 {373} 12. Be3 {68} Qxb2
{130} 13. Nxc6 {13} bxc6 {8} 14. Qd3 {361} Qb7 {140} 15. g4 {162} Qc7 {213} 16.
g5 {176} Nd7 {7} 17. h4 {179} a5 {80} 18. h5 {165} Ba6 {39} 19. Rf3 {333} d5 {
143} 20. h6 {367} Bxc4 {88} 21. Qd2 {336} g6 {367} 22. Bh3 {607} Rb4 {157} 23.
Bd4 {1031} Rfb8 {110} 24. Re1 {1144} c5 {353} 25. exd5 {15} cxd4 {34} 26. dxe6
{41} Rb2 {164} 27. exf7+ {202} Bxf7 {21} 28. Qc1 {35} dxc3 {98} 29. Rxc3 {102}
Bc5+ {19} 30. Ree3 {47} Rb1 {44} 31. Be6 {3} Kh8 0-1

[Event "Championnat de France 2022"]
[Site "ALBI, France"]
[Date "2022.08.13"]
[Round "1.3"]
[White "Massot, Manuel"]
[Black "Grateloup, Quentin"]
[Result "0-1"]
[WhiteElo "1847"]
[BlackElo "1966"]
[PlyCount "134"]
[EventDate "2022.??.??"]

1. e4 e5 2. Nf3 Nc6 3. Nc3 Nf6 4. d4 exd4 5. Nd5 Be7 6. Nxd4 O-O 7. Nf5 Nxd5 8.
exd5 Ne5 9. Be2 Bc5 10. Be3 Bxe3 11. Nxe3 d6 12. O-O Qf6 13. c3 Re8 14. Ng4
Bxg4 15. Bxg4 Qg5 16. Be2 Ng6 17. Bf3 Nh4 18. g3 Nxf3+ 19. Qxf3 Re5 20. c4 Rae8
21. b3 h5 22. h3 h4 23. g4 Re4 24. Qf5 Qxf5 25. gxf5 R8e5 26. f6 g5 27. f3 Rf4
28. Kf2 Rxf6 29. Rae1 Rff5 30. Rg1 Rxe1 31. Rxe1 Re5 32. Rd1 Kg7 33. b4 Kf6 34.
a4 b6 35. a5 Re8 36. axb6 cxb6 37. b5 Kf5 38. Rd4 f6 39. Rd1 Kg6 40. Rd4 f5 41.
Rd1 Kh5 42. Rd4 Re7 43. Kf1 Re3 44. Kf2 Rc3 45. Kg2 Rc2+ 46. Kg1 Kg6 47. Rd1
Rxc4 48. Re1 Rc5 49. Re6+ Kf7 50. Rxd6 Rxb5 51. Rd7+ Kf6 52. Rxa7 Rxd5 53. Rb7
b5 54. Kf2 Rc5 55. Rb6+ Ke5 56. Ke3 Rc3+ 57. Ke2 Rb3 58. Rb8 Kf4 59. Rb7 Rb2+
60. Ke1 Kxf3 61. Rc7 g4 62. hxg4 fxg4 63. Rf7+ Kg2 64. Rf4 Kg3 65. Rd4 h3 66.
Rd3+ Kg2 67. Rd4 h2 0-1

[Event "Championnat de France 2022"]
[Site "ALBI, France"]
[Date "2022.08.13"]
[Round "1.4"]
[White "Regnault, Alexandre"]
[Black "Biaux, Alain"]
[Result "1-0"]
[WhiteElo "1966"]
[BlackElo "1846"]
[PlyCount "57"]
[EventDate "2022.??.??"]

1. e4 {2} c5 {8} 2. c3 {16} d5 {6} 3. exd5 {5} Qxd5 {9} 4. d4 {6} Nf6 {6} 5.
Nf3 {6} e6 {4} 6. Bd3 {82} Nc6 {82} 7. O-O {66} cxd4 {168} 8. cxd4 {38} Be7 {7}
9. Nc3 {10} Qd8 {21} 10. a3 {130} O-O {12} 11. Be3 {55} b6 {211} 12. Qe2 {74}
Bb7 {46} 13. Rad1 {44} Bd6 {935} 14. Bg5 {1077} Ne7 {424} 15. Bb1 {1174} Ned5 {
474} 16. Qd3 {722} g6 {28} 17. Rfe1 {655} Be7 {391} 18. h4 {1086} Rc8 19. Bh6 {
182} Re8 20. Ne5 {64} Nxc3 {413} 21. bxc3 {28} Qd5 {17} 22. f3 {360} b5 {120}
23. a4 {154} a6 {7} 24. Qe2 {294} Rxc3 {1443} 25. Ba2 {66} Qd6 {37} 26. Nxf7
Qb6 {481} 27. Bxe6 {50} Bf8 {272} 28. Nd6+ {44} Kh8 {10} 29. Nxe8 {103} 1-0

[Event "Championnat de France 2022"]
[Site "ALBI, France"]
[Date "2022.08.13"]
[Round "1.5"]
[White "Lopez, Gerard"]
[Black "Trouville, Remi"]
[Result "0-1"]
[WhiteElo "1844"]
[BlackElo "1956"]
[PlyCount "82"]
[EventDate "2022.??.??"]

1. e4 {12} c5 {14} 2. c3 {48} d5 {75} 3. exd5 {100} Qxd5 {12} 4. d4 {49} cxd4 {
75} 5. cxd4 {26} e5 {17} 6. dxe5 {894} Qxe5+ {319} 7. Qe2 {17} Qxe2+ {329} 8.
Bxe2 {86} Bb4+ {173} 9. Bd2 {294} Bxd2+ {444} 10. Nxd2 {33} Nf6 {18} 11. Bb5+ {
379} Bd7 {61} 12. Bxd7+ {29} Nbxd7 {31} 13. Ngf3 {17} Rc8 {304} 14. O-O {390}
O-O {40} 15. Rac1 {198} Nc5 {235} 16. Nd4 {909} Nd3 {456} 17. Rxc8 {78} Rxc8 {
11} 18. b3 {68} g6 {572} 19. h3 {46} Kg7 {142} 20. Rd1 {165} a6 {507} 21. N2f3
{171} Rc1 {460} 22. Rxc1 {22} Nxc1 {5} 23. a3 {82} Ne4 {139} 24. Ne1 {230} Kf6
{492} 25. Nec2 {245} Ke5 {151} 26. Nf3+ {559} Kd5 {92} 27. Ne3+ {51} Kc5 {181}
28. b4+ {64} Kb5 {152} 29. Ne5 {117} f5 {229} 30. f3 {185} Nd6 {27} 31. Kf1 {
103} Ka4 {42} 32. N3c4 {307} Nxc4 {57} 33. Nxc4 {2} Kb3 {39} 34. Na5+ {110}
Kxa3 {10} 35. Nxb7 {2} Kxb4 {9} 36. Kf2 {12} Nd3+ {445} 37. Ke3 {27} Nc5 {3}
38. Nd8 {27} Kc4 {38} 39. Nc6 {24} Ne6 {57} 40. g3 {76} Kc5 {65} 41. Na5 {144}
Kb5 {58} 0-1

[Event "Championnat de France 2022"]
[Site "ALBI, France"]
[Date "2022.08.14"]
[Round "2.1"]
[White "Grateloup, Quentin"]
[Black "Villeneuve, Samuel"]
[Result "1/2-1/2"]
[WhiteElo "1966"]
[BlackElo "1869"]
[PlyCount "118"]
[EventDate "2022.??.??"]

1. e4 {6} e5 {5} 2. Nf3 {9} Nc6 {6} 3. Bc4 {12} Bc5 {7} 4. d4 {59} exd4 {8} 5.
O-O {31} d6 {143} 6. Re1 {1924} Nf6 {1032} 7. Bb5 {440} Bg4 {755} 8. e5 {198}
dxe5 {128} 9. Rxe5+ {6} Be7 {26} 10. Qe1 {559} Kf8 {567} 11. Bxc6 {106} bxc6 {8
} 12. Nxd4 {31} Bd6 {357} 13. Ra5 {373} Qd7 {546} 14. Qc3 {910} Re8 {501} 15.
Be3 {47} c5 {233} 16. Nb3 {48} Nd5 {241} 17. Nxc5 {165} Qe7 {52} 18. Qd3 {150}
Qe5 {278} 19. g3 {217} Qxb2 {155} 20. Nb3 {20} Nxe3 {156} 21. fxe3 {4} Qf6 {39}
22. N1d2 {104} Bh3 {157} 23. Re1 {216} h5 {67} 24. Qe2 {272} h4 {39} 25. Rh5 {
96} g6 {138} 26. Rxh8+ {51} Qxh8 {1} 27. Qf3 {32} hxg3 28. hxg3 Bf5 {50} 29. e4
{47} Qh3 {33} 30. Re3 {102} Bg4 {67} 31. Qg2 {11} Qh6 {45} 32. Rd3 {43} Kg7 {54
} 33. Nc4 {31} Bh3 {62} 34. Qf3 {16} Qg5 {91} 35. Nxd6 {45} cxd6 {11} 36. Qf4 {
33} Qh5 {112} 37. Rxd6 {60} Qe2 {20} 38. Rd2 {56} Qxe4 {135} 39. Qxe4 {19} Rxe4
{4} 40. Rd4 {31} Re2 {109} 41. Rd2 {305} Re3 {341} 42. Kf2 {178} Rc3 {11} 43.
Nd4 {34} Ra3 {285} 44. c4 {157} Rc3 {24} 45. Rc2 {49} Rxc2+ {8} 46. Nxc2 {8}
Be6 {18} 47. Ne3 {570} Kf6 {186} 48. Ke2 {11} Ke5 {43} 49. Kd3 {18} f5 {35} 50.
Ng2 {51} g5 {36} 51. Ne1 {72} Bc8 {381} 52. Nf3+ {82} Kf6 {4} 53. Ke3 {4} Bb7 {
42} 54. Nd4 {406} Ke5 {32} 55. Ne2 {11} Ba6 {113} 56. Kd3 {3} f4 {70} 57. gxf4+
{99} gxf4 {8} 58. Nxf4 {18} Kxf4 {14} 59. Kd4 {8} Bb7 {Ke4 Ke5+ 198 43 25}
1/2-1/2

[Event "Championnat de France 2022"]
[Site "ALBI, France"]
[Date "2022.08.14"]
[Round "2.2"]
[White "Brun, Pierre"]
[Black "Regnault, Alexandre"]
[Result "1/2-1/2"]
[WhiteElo "1872"]
[BlackElo "1966"]
[PlyCount "66"]
[EventDate "2022.??.??"]

1. Nf3 {9740} Nc6 {73} 2. d4 {7} d5 {14} 3. c4 {24} e6 {334} 4. Nc3 {124} Bb4 {
337} 5. a3 {68} Bxc3+ {102} 6. bxc3 {17} Nf6 {756} 7. Bg5 {751} O-O {107} 8. e3
{67} b6 {764} 9. cxd5 {566} exd5 {476} 10. Bb5 {160} Na5 {336} 11. Ne5 {449}
Qd6 {132} 12. Bxf6 {23} Qxf6 {86} 13. O-O {8} c6 {916} 14. Bd3 {100} Bf5 {110}
15. Qf3 {796} Bxd3 {289} 16. Qxf6 {49} gxf6 {2} 17. Nxd3 {7} Rfe8 {63} 18. Nf4
{81} Kg7 {9} 19. g3 {272} Nc4 {146} 20. Ra2 {58} Nd6 {211} 21. a4 {115} Reb8 {
335} 22. Rfa1 {246} Kf8 {96} 23. Kf1 {374} Ne4 {85} 24. f3 {172} Nd6 {21} 25.
Ke2 {103} Re8 {171} 26. Kd3 {18} Re7 {154} 27. g4 {275} Rae8 {59} 28. Re2 {9}
Kg7 {49} 29. Rg1 {145} Rb8 {46} 30. Nh5+ {236} Kg6 {12} 31. Nf4+ {5} Kg7 32.
Nh5+ {10} Kg6 {3} 33. Nf4+ {6} Kg7 {56} 1/2-1/2

[Event "Championnat de France 2022"]
[Site "ALBI, France"]
[Date "2022.08.14"]
[Round "2.3"]
[White "Trouville, Remi"]
[Black "Boulos, Paul"]
[Result "1-0"]
[WhiteElo "1956"]
[BlackElo "1864"]
[PlyCount "63"]
[EventDate "2022.??.??"]

1. Nf3 {44} d5 {37} 2. g3 {11} Nf6 {15} 3. Bg2 {7} e6 {23} 4. O-O {11} Be7 {7}
5. c4 {58} O-O {31} 6. b3 {33} Nbd7 {121} 7. Bb2 {232} b6 {277} 8. d4 {654} Bb7
{73} 9. Nc3 {23} c5 {335} 10. cxd5 {451} Nxd5 {618} 11. Na4 {1106} Bf6 {1176}
12. Rc1 {515} Rc8 {442} 13. Ba3 {104} Bc6 {184} 14. e4 {305} Nb4 {483} 15. Nc3
{273} Re8 {335} 16. Qd2 {158} Bb7 {622} 17. Rfd1 {100} Nb8 {313} 18. Bb2 {463}
cxd4 {258} 19. Nxd4 {52} e5 {186} 20. Nf5 {298} Qxd2 {73} 21. Rxd2 {6} Bg5 {34}
22. Ne3 {27} Bxe3 {33} 23. fxe3 {6} Red8 {322} 24. Rcd1 {136} N8c6 {63} 25. a3
{132} Na6 {24} 26. Nd5 {25} Kf8 {80} 27. b4 {170} b5 {46} 28. Bh3 {100} Ra8 {21
} 29. Bf1 {72} Ne7 {39} 30. Bxb5 {55} Ng6 {29} 31. Bxa6 {83} Bxa6 {10} 32. Nc7
{17} 1-0

[Event "Championnat de France 2022"]
[Site "ALBI, France"]
[Date "2022.08.14"]
[Round "2.4"]
[White "Guien, Philippe"]
[Black "Bleuzen, Erwan"]
[Result "1/2-1/2"]
[WhiteElo "1865"]
[BlackElo "1948"]
[PlyCount "130"]
[EventDate "2022.??.??"]

1. c4 {4} Nf6 {6} 2. g3 {11} e5 {68} 3. Bg2 {15} Nc6 {83} 4. Nc3 {30} Be7 {209}
5. Rb1 {151} O-O {52} 6. a3 {36} a5 {172} 7. d3 {142} d6 {383} 8. b4 {137} axb4
{629} 9. axb4 {8} d5 {2} 10. Nxd5 {803} Nxd5 {24} 11. Bxd5 {7} Nxb4 {43} 12.
Bg2 {41} Bf5 {80} 13. Bd2 {420} c5 {337} 14. Bxb4 {551} cxb4 {7} 15. Bxb7 {75}
Rb8 {4} 16. Bd5 {33} Qa5 {159} 17. Ra1 {232} Qc5 {10} 18. Nf3 {292} Bf6 {129}
19. Rb1 {363} Bh3 {257} 20. Nd2 {159} Qa5 {72} 21. Nb3 {454} Qc7 {252} 22. e3 {
74} Qd7 {5} 23. Nc5 {128} Qc8 {2} 24. Nb3 {80} Rd8 {222} 25. f3 {190} e4 {1091}
26. Bxe4 {262} Bc3+ {70} 27. Kf2 {43} f5 {106} 28. Bd5+ {36} Kh8 {18} 29. Nd4 {
340} f4 {447} 30. gxf4 {126} Bxd4 {31} 31. exd4 {7} Qf5 {3} 32. Qd2 {108} b3 {7
} 33. Rb2 {105} Qh5 {127} 34. Rg1 {47} Qh4+ {334} 35. Rg3 {24} Bf5 {156} 36.
Kg1 {115} Qf6 {25} 37. Qe3 {135} Re8 {3} 38. Be4 {17} Rbd8 {10} 39. Rxb3 {31}
Rxd4 {15} 40. Rb7 {78} g6 {9} 41. Qf2 {87} Red8 {139} 42. Rb3 {196} Qd6 {407}
43. Qe3 {224} Bc8 {92} 44. Bd5 {55} Qxf4 {103} 45. Qxf4 {32} Rxf4 {2} 46. Rb8 {
81} Rd4 {69} 47. Be4 {67} Kg7 {26} 48. Rg5 {21} Bf5 {102} 49. Rxd8 {38} Rxd8 {2
} 50. Bxf5 {6} Kf6 {6} 51. Rg2 {66} Kxf5 {11} 52. Rd2 {10} Ke5 {31} 53. Kf2 {74
} Kd4 {3} 54. Rd1 {121} Ra8 {62} 55. Kg3 {47} Ra5 {34} 56. h4 Rh5 {192} 57. Rb1
Kxd3 {412} 58. Rb5 {29} Rh6 59. Rc5 {24} Kd4 {13} 60. Rc7 {22} Rh5 {12} 61. Kg4
{44} Rh6 {67} 62. f4 {181} Rh5 {9} 63. Rc8 {53} Rf5 {86} 64. Rc6 {179} Rh5 {19}
65. Rc7 Rf5 {3} 1/2-1/2

[Event "Championnat de France 2022"]
[Site "ALBI, France"]
[Date "2022.08.14"]
[Round "2.5"]
[White "Souevamanien, Pascal"]
[Black "Moreau, Emilien"]
[Result "1/2-1/2"]
[WhiteElo "1947"]
[BlackElo "1862"]
[PlyCount "51"]
[EventDate "2022.??.??"]

1. d4 {37} Nf6 {58} 2. Nc3 {45} e6 {12} 3. Bf4 {28} Be7 {32} 4. e4 {32} d5 {216
} 5. e5 {441} Nfd7 {11} 6. Nf3 {7} c5 {25} 7. Nb5 {66} cxd4 {902} 8. Bd3 {130}
Nc6 {255} 9. Nbxd4 {152} Nc5 {650} 10. h4 {395} Nxd3+ {634} 11. Qxd3 {266} h6 {
140} 12. c3 {317} Bd7 {270} 13. h5 {360} Qb6 {146} 14. O-O {306} Nxd4 {141} 15.
Nxd4 {62} O-O-O {118} 16. a4 {61} Qc5 {171} 17. Rfc1 {319} Qc4 {220} 18. Qe3 {
100} Kb8 {203} 19. b3 {113} Qa6 {21} 20. Nb5 {778} Rc8 {228} 21. c4 {332} dxc4
{81} 22. bxc4 {7} Bc5 {56} 23. Qe2 {184} Rhd8 {58} 24. Be3 {200} Bxe3 {411} 25.
Qxe3 {295} Bxb5 {10} 26. axb5 {308} 1/2-1/2

[Event "Championnat de France 2022"]
[Site "ALBI, France"]
[Date "2022.08.15"]
[Round "3.1"]
[White "Saint-Arroman, Alain"]
[Black "Trouville, Remi"]
[Result "1/2-1/2"]
[WhiteElo "1889"]
[BlackElo "1956"]
[PlyCount "47"]
[EventDate "2022.??.??"]

1. d4 {4} d5 {12} 2. c4 {13} dxc4 {15} 3. e4 {42} e5 {9} 4. Nf3 {166} exd4 {83}
5. Nxd4 {351} Bc5 {189} 6. Be3 {1121} Nf6 {142} 7. f3 {840} O-O {950} 8. Nc3 {
640} Qe7 {1519} 9. Qc2 {683} Rd8 {536} 10. Qf2 {367} Bb4 {647} 11. Be2 {660}
Nbd7 {221} 12. O-O {208} Ne5 {40} 13. Rfd1 {120} c6 {89} 14. Nc2 {174} Bd6 {53}
15. Kh1 {63} b6 {73} 16. g4 {74} Ba6 {427} 17. Nd4 {43} Qc7 {159} 18. Nf5 {208}
Nd3 {52} 19. Bxd3 {93} cxd3 {7} 20. Qh4 {30} Bf4 {148} 21. g5 {101} Bxe3 {201}
22. gxf6 {38} Qf4 {44} 23. Rg1 {43} Qxh4 {121} 24. Rxg7+ {22} 1/2-1/2

[Event "Championnat de France 2022"]
[Site "ALBI, France"]
[Date "2022.08.15"]
[Round "3.2"]
[White "Oungre, Laurent"]
[Black "Devecchi, Jorge"]
[Result "0-1"]
[WhiteElo "1888"]
[BlackElo "1942"]
[PlyCount "62"]
[EventDate "2022.??.??"]

1. e4 {2} e5 {183} 2. Nf3 {49} Nc6 {4} 3. Bc4 {7} Nf6 {5} 4. Ng5 {19} Bc5 {49}
5. Bxf7+ {246} Ke7 {35} 6. Bd5 {401} Qe8 {11} 7. c3 {388} d6 {80} 8. d4 {273}
exd4 {28} 9. Bxc6 {12} Qxc6 {241} 10. cxd4 {881} Bb4+ {215} 11. Bd2 {542} h6 {
1231} 12. Bxb4 {903} hxg5 {20} 13. O-O {139} Qc4 {937} 14. e5 {624} Qxb4 {70}
15. exf6+ {39} gxf6 {24} 16. Nc3 {13} Be6 {577} 17. Re1 {48} Kf7 {7} 18. Rc1 {
443} d5 {594} 19. Na4 {195} Qd6 {59} 20. g3 {112} b6 {92} 21. Nc3 {8} c6 {11}
22. Qa4 {64} Rh3 {270} 23. Kg2 {168} Bf5 {334} 24. Re3 {77} a5 {184} 25. Qb3 {
180} Rah8 {333} 26. Rh1 {8} b5 {16} 27. Qd1 {127} g4 {106} 28. f3 {116} Qd7 {
153} 29. fxg4 {41} Bxg4 {3} 30. Ne2 {135} Qf5 {169} 31. Qd2 {39} Qh5 {16} 0-1

[Event "Championnat de France 2022"]
[Site "ALBI, France"]
[Date "2022.08.15"]
[Round "3.3"]
[White "Randrianarimanana, Alicia"]
[Black "Massardo, Quentin"]
[Result "0-1"]
[WhiteElo "1882"]
[BlackElo "1939"]
[PlyCount "48"]
[EventDate "2022.??.??"]

1. d4 {2966} d5 {478} 2. Bf4 {46} Nf6 {100} 3. e3 {42} c5 {20} 4. c3 {188} Nc6
{12} 5. Bd3 {298} g6 {226} 6. Nd2 {252} Bg7 {26} 7. Ngf3 {180} O-O {131} 8. h3
{768} Re8 {312} 9. Ne5 {418} Nd7 {540} 10. Ndf3 {1429} f6 {226} 11. Nxg6 {311}
hxg6 {119} 12. Bxg6 {7} cxd4 {885} 13. cxd4 {1040} e5 {51} 14. dxe5 {161} Ndxe5
{199} 15. Bxe8 {18} Qxe8 {8} 16. Bxe5 {115} Nxe5 {20} 17. Qxd5+ {71} Be6 {8}
18. Qxb7 {336} Rb8 {16} 19. Qxa7 {151} Rxb2 {356} 20. Nd4 {126} Nd3+ {77} 21.
Kf1 Rxf2+ {16} 22. Kg1 {3} Bd5 {70} 23. Nf3 {27} Bxf3 {23} 24. gxf3 {1} Qg6# {8
} 0-1

[Event "Championnat de France 2022"]
[Site "ALBI, France"]
[Date "2022.08.15"]
[Round "3.4"]
[White "Barberis, Valentin"]
[Black "Acikgoz, Tuncay"]
[Result "1-0"]
[WhiteElo "1874"]
[BlackElo "1934"]
[PlyCount "109"]
[EventDate "2022.??.??"]

1. e4 {6} c6 {17} 2. Nc3 {41} g6 {9} 3. d4 {146} d6 {17} 4. h4 {634} h5 {89} 5.
Nh3 {257} Bg7 {31} 6. Be3 {35} Nf6 {131} 7. f3 {270} b5 {261} 8. a4 {372} b4 {
58} 9. Nb1 {324} a5 {119} 10. c4 {607} d5 {896} 11. e5 {191} Ng8 {18} 12. c5 {
429} Nh6 {98} 13. Bxh6 {130} Bxh6 {13} 14. g4 {317} hxg4 {1016} 15. fxg4 {71}
Qd7 {320} 16. g5 {161} Bg7 {98} 17. Nf2 {34} Ba6 {297} 18. Bh3 {77} Qc7 {7} 19.
Qg4 {253} Bxe5 {127} 20. Nd2 {631} Bg3 {191} 21. Nf3 {149} Bd3 {622} 22. Rg1 {
161} Bxf2+ {127} 23. Kxf2 {1} Bf5 {22} 24. Qg3 {27} Qxg3+ {143} 25. Kxg3 {163}
Bxh3 {84} 26. Kxh3 {2} Nd7 {11} 27. b3 {60} O-O-O {33} 28. Rae1 {46} Rde8 {523}
29. Re2 {36} Rh7 {115} 30. Rge1 {36} e6 {18} 31. Kg3 {100} Reh8 {268} 32. Rh2 {
36} Kd8 {221} 33. Re3 {86} Ke7 {58} 34. Re1 {240} Rh5 {346} 35. Re3 {75} f6 {
131} 36. gxf6+ {23} Nxf6 {35} 37. Ng5 {2} Ne4+ {39} 38. Nxe4 {36} dxe4 {5} 39.
Rxe4 {52} g5 {6} 40. Rg4 {137} Rxh4 {55} 41. Rhxh4 {677} Rxh4 {18} 42. Rxg5 {
345} Rxd4 {35} 43. Rg7+ {19} Kf6 {34} 44. Rc7 {17} Rd3+ {10} 45. Kf4 {36} Rxb3
{2} 46. Rxc6 {32} Rc3 {28} 47. Ke4 {47} Ra3 {298} 48. Rb6 {344} Rxa4 {9} 49. c6
{12} Ra3 {734} 50. Kd4 Rc3 {29} 51. Ra6 {9} e5+ {836} 52. Ke4 {2} b3 {145} 53.
c7+ {47} Ke7 {2} 54. Rxa5 {21} Rxc7 {73} 55. Rxe5+ {7} 1-0

[Event "Championnat de France 2022"]
[Site "ALBI, France"]
[Date "2022.08.15"]
[Round "3.5"]
[White "Herbin, Alexandre"]
[Black "Coles, Robin"]
[Result "0-1"]
[WhiteElo "1801"]
[BlackElo "1932"]
[PlyCount "44"]
[EventDate "2022.??.??"]

1. e4 {1} e6 {108} 2. d4 {22} d5 3. Nc3 {8} Bb4 {6} 4. e5 {6} c5 {3} 5. Bd2 {4}
Ne7 {48} 6. Nb5 {94} Bxd2+ {5} 7. Qxd2 {8} O-O {8} 8. f4 {78} a6 {186} 9. Nd6 {
12} f6 {40} 10. c3 {295} Nbc6 {55} 11. Nf3 {238} cxd4 {117} 12. cxd4 {98} Qb6 {
154} 13. O-O-O {549} Bd7 {269} 14. Kb1 {151} Nc8 {53} 15. Nxc8 {198} Raxc8 {16}
16. h4 {29} Nb4 {622} 17. Ne1 {454} Ba4 {426} 18. b3 {1495} fxe5 {185} 19. dxe5
{619} Rc7 {903} 20. Nd3 {259} Nxa2 {113} 21. Qxa2 {136} Bxb3 {6} 22. Qb2 {13}
Bc2+ {3} 0-1

[Event "Championnat de France 2022"]
[Site "ALBI, France"]
[Date "2022.08.16"]
[Round "4.1"]
[White "Trouville, Remi"]
[Black "Levrebon, Florian"]
[Result "0-1"]
[WhiteElo "1956"]
[BlackElo "1907"]
[PlyCount "64"]
[EventDate "2022.??.??"]

1. Nf3 {29} d5 {19} 2. g3 {13} Nf6 {17} 3. Bg2 {12} e6 {26} 4. O-O {27} c5 {19}
5. c4 {182} d4 {21} 6. e3 {285} Nc6 {13} 7. exd4 {112} cxd4 {27} 8. d3 {33} Bd6
{294} 9. Re1 {175} O-O {91} 10. a3 {610} a5 {10} 11. b3 {30} Re8 {380} 12. Nbd2
{146} e5 {99} 13. Ng5 {522} Bf5 {319} 14. Nge4 {99} Nxe4 {249} 15. Nxe4 {277}
Be7 {434} 16. h3 {421} Bg6 {284} 17. g4 {299} f5 {1298} 18. Ng3 {129} f4 {464}
19. Ne4 {158} Qc7 {126} 20. Bd2 {274} Rab8 {89} 21. Qc2 {146} Bf7 {49} 22. Rec1
{181} Rec8 {164} 23. Be1 {567} Qd7 {591} 24. Rcb1 {492} b5 {193} 25. Qa2 {44}
a4 {54} 26. Nd2 {114} axb3 {29} 27. Rxb3 {526} Na5 {10} 28. cxb5 {131} Nxb3 {87
} 29. Nxb3 {149} Rxb5 {104} 30. Bb4 {64} Bxb4 {21} 31. axb4 {4} Rxb4 {35} 32.
Qa6 {81} Rxb3 {34} 0-1

[Event "Championnat de France 2022"]
[Site "ALBI, France"]
[Date "2022.08.16"]
[Round "4.2"]
[White "Devecchi, Jorge"]
[Black "Bernard, Mathis"]
[Result "1/2-1/2"]
[WhiteElo "1942"]
[BlackElo "1902"]
[PlyCount "114"]
[EventDate "2022.??.??"]

1. d4 {76} Nf6 {16} 2. c4 {17} e6 {16} 3. Nf3 {15} d5 {16} 4. Nc3 {92} Bb4 {31}
5. Bf4 {794} O-O {456} 6. e3 {6} a6 {235} 7. c5 {315} b6 {866} 8. cxb6 {29}
cxb6 {16} 9. Rc1 {253} Ne4 {866} 10. Bd3 {51} Bb7 {307} 11. O-O {31} Nd7 {27}
12. Ne2 {88} Bd6 {595} 13. Bxd6 {686} Nxd6 14. Nf4 {24} Qe7 {1054} 15. Qe2 {463
} b5 {290} 16. Rc7 {76} Rfc8 {10} 17. Rfc1 {25} Qd8 {95} 18. Qc2 {164} Rxc7 {
247} 19. Qxc7 {12} Qxc7 {19} 20. Rxc7 {2} Nf6 {15} 21. Ne5 {194} Rc8 {91} 22.
Rxc8+ {49} Bxc8 {84} 23. b3 {99} Kf8 {241} 24. f3 {78} g6 {157} 25. g4 {205} g5
{19} 26. Nh3 {17} h6 27. Nf2 {15} Nd7 {111} 28. Nxd7+ {1009} Bxd7 {2} 29. Be2 {
52} a5 {89} 30. a3 b4 {386} 31. axb4 {195} axb4 {2} 32. Kf1 {12} Nb7 {136} 33.
Nd3 {20} Na5 34. Nc5 {16} Ke7 {113} 35. Ke1 {9} Kd6 {45} 36. Kd2 {49} Be8 {80}
37. Kc2 {14} Kc7 {35} 38. Na6+ {21} Kb6 {28} 39. Nxb4 {7} Nc6 {58} 40. Nxc6 {48
} Bxc6 {13} 41. b4 {241} f6 {528} 42. Kb3 {54} e5 {145} 43. Kc3 {589} Ba4 {44}
44. Kb2 {41} exd4 {118} 45. exd4 {15} Bd7 {67} 46. Ka3 {164} Be8 {637} 47. Kb3
{148} Bd7 {130} 48. Ka3 {167} Be8 {2} 49. Bd1 {55} Bb5 {46} 50. Bb3 {4} Bc6 {9}
51. Ba4 {27} Bb7 {3} 52. Bd7 {739} Ba6 {87} 53. Be6 {8} Bc4 {68} 54. Ka4 {5}
Bb5+ {8} 55. Ka3 {3} Bc4 {7} 56. Ka4 {2} Bb5+ {4} 57. Ka3 {1} Bc4 {7} 1/2-1/2

[Event "Championnat de France 2022"]
[Site "ALBI, France"]
[Date "2022.08.16"]
[Round "4.3"]
[White "Massardo, Quentin"]
[Black "Courjal, Pauline"]
[Result "0-1"]
[WhiteElo "1939"]
[BlackElo "1901"]
[PlyCount "48"]
[EventDate "2022.??.??"]

1. Nf3 {155} d5 {56} 2. g3 {7} e6 {175} 3. Bg2 {16} Nf6 {34} 4. O-O {25} c5 {
430} 5. d4 {16} Nc6 {14} 6. c4 {5} Be7 {12} 7. cxd5 {7} exd5 {4} 8. dxc5 {7}
Bxc5 {8} 9. Qc2 {6} Bb6 {40} 10. Nc3 {8} d4 {881} 11. Na4 {400} O-O {51} 12.
Bg5 {165} h6 {289} 13. Nxb6 {114} axb6 {4} 14. Bf4 {14} Nd5 {80} 15. Be5 {463}
Bg4 {394} 16. Nxd4 {685} Nxe5 {824} 17. Qe4 {44} Qf6 {6} 18. Qxd5 {230} Rad8 {7
} 19. Qe4 {18} Rxd4 {8} 20. Qxd4 {23} Nf3+ {5} 21. Bxf3 {27} Qxd4 {6} 22. Rfd1
{56} Qc4 {33} 23. Rac1 {151} Qe6 {5} 24. Bxb7 {3} Qxe2 {34} 0-1